| 000 | 00475nam a22001697a 4500 | ||
|---|---|---|---|
| 005 | 20250716173132.0 | ||
| 008 | 250610b |||||||| |||| 00| 0 eng d | ||
| 020 | _a978141911385 | ||
| 040 |
_aKMU _cKMU _dKMU _erda |
||
| 050 | _aPS3563.A255B67 | ||
| 100 | _aMacDONALD John D. | ||
| 245 |
_aBorder Town Girl _b/ _cMacDONALD John D. |
||
| 260 |
_aLondon; _bThe Orion Publishing Group Ltd., _c1956. |
||
| 300 |
_a154 p.: _c20 cm. |
||
| 760 | _bThe Murder Room | ||
| 942 |
_2lcc _cFM _n0 |
||
| 999 |
_c1911 _d1911 |
||